[Event "4NCL Online Division 3"]
[Site "online"]
[Date "2021.08.24"]
[EventDate "2021.08.24"]
[Round "1.53"]
[White "Walker, Adrian"]
[WhiteElo "1688"]
[WhiteTeam "Stroud Oldies"]
[Black "Bainbridge, Bryan J"]
[BlackElo "1523"]
[BlackTeam "Bishop Trojans"]
[Result "1-0"]
[PlyCount "107"]

1. e4 e6 2. Nf3 a6 3. Nc3 b5 4. d4 Bb7 5. Bd3 h6 6. Be3 Nf6 7. e5 Nd5 8. Nxd5 Bxd5 9. O-O Nc6 10. c3 Na5 11. b3 Nb7 12. a4 Bc6 13. Qe2 bxa4 14. bxa4 a5 15. Rfb1 Be7 16. Bc2 d6 17. Rb2 Qc8 18. Rab1 d5 19. h3 Ba3 20. Rb3 Be7 21. Nh2 Ra7 22. R3b2 Ba3 23. Ra2 Be7 24. f4 g6 25. Ng4 Qd8 26. Rab2 h5 27. Nh2 Ba3 28. Ra2 Be7 29. Nf3 Qc8 30. Ng5 Bxg5 31. fxg5 O-O 32. Bc1 Kg7 33. Ba3 Re8 34. Rf1 Qd7 35. Qf2 Nd8 36. Qf6+ Kh7 37. Bc5 Rb7 38. h4 Rh8 39. g4 Kg8 40. gxh5 Rxh5 41. Bxg6 Rxh4 42. Bxf7+ Nxf7 43. Qg6+ Kh8 44. Rxf7 Rb1+ 45. Rf1 Rxf1+ 46. Kxf1 Rf4+ 47. Rf2 Rxf2+ 48. Kxf2 Bxa4 49. Qf6+ Qg7 50. g6 Bd7 51. Bf8 Qxf6+ 52. exf6 a4 53. f7 a3 54. Bxa3 1-0

[Event "4NCL Online Division 3"]
[Site "online"]
[Date "2021.08.24"]
[EventDate "2021.08.24"]
[Round "1.54"]
[White "Siddle, Michael"]
[WhiteElo "1395"]
[WhiteTeam "Bishop Trojans"]
[Black "Reekie-Black, Matthew"]
[BlackElo "1601"]
[BlackTeam "Stroud Oldies"]
[Result "1-0"]
[PlyCount "143"]

1. c4 e5 2. g3 Nc6 3. Bg2 f5 4. Nc3 Bc5 5. e3 Nf6 6. a3 a5 7. b3 O-O 8. Bb2 d6 9. Nge2 Qe8 10. Nd5 Nxd5 11. cxd5 Ne7 12. d4 exd4 13. Bxd4 Ba7 14. Qc2 Bb8 15. Nf4 Ng6 16. Qc3 Ne5 17. O-O g5 18. Ne6 Bxe6 19. Bxe5 Bd7 20. Bd4 Ra6 21. Rfe1 c6 22. e4 f4 23. Qc4 f3 24. Bf1 c5 25. Bc3 a4 26. b4 b5 27. Qd3 c4 28. Qd4 Qg6 29. e5 dxe5 30. Qe3 Qf7 31. Qxg5+ Rg6 32. Qd2 Qf4 33. Qe3 Ba7 34. Qxa7 Rf7 35. Qb8+ Rf8 36. Qxe5 Qh6 37. Re4 Bh3 38. Qh8+ Kf7 39. Qe5 Bxf1 40. Rf4+ Rf6 41. Qe6+ Kg7 42. Rg4+ Kh8 43. Bxf6+ Qxf6 44. Qxf6+ Rxf6 45. Kxf1 h5 46. Rd4 Rd6 47. Re1 Kg7 48. Re6 Rd7 49. d6 c3 50. Ke1 Kf7 51. Re3 Kf6 52. Rxc3 Ke5 53. Rdd3 Ke4 54. Re3+ Kd4 55. Red3+ Ke4 56. Kd2 Ke5 57. Rc7 Rxd6 58. Rxd6 Kxd6 59. Rh7 Kd5 60. Rxh5+ Kc4 61. h4 Kb3 62. Rxb5 Kxa3 63. h5 Kb3 64. h6 a3 65. h7 a2 66. Ra5 Kb2 67. h8=Q+ Kb1 68. Ke3 Kc2 69. Kxf3 Kb3 70. b5 Kb4 71. Rxa2 Kxb5 72. Qd4 1-0

[Event "4NCL Online Division 3"]
[Site "online"]
[Date "2021.08.24"]
[EventDate "2021.08.24"]
[Round "1.61"]
[White "Granat, Russell G"]
[WhiteElo "2270"]
[WhiteTeam "Farnham A"]
[Black "Hughes, Roy"]
[BlackElo "2014"]
[BlackTeam "Broadland Falco Duboisi"]
[Result "1-0"]
[PlyCount "123"]

1. e4 d5 2. exd5 Qxd5 3. Nc3 Qd6 4. Nf3 Nf6 5. h3 c6 6. a4 a5 7. b3 Bf5 8. Ba3 Qc7 9. Bc4 e6 10. Qe2 Bxa3 11. Rxa3 Nbd7 12. Ra1 O-O 13. Bd3 Bxd3 14. Qxd3 Ne5 15. Nxe5 Qxe5+ 16. Qe3 Qf5 17. d3 Rfd8 18. O-O Rd7 19. Rae1 Rad8 20. Qe5 Qxe5 21. Rxe5 b6 22. g3 Kf8 23. f4 Nd5 24. Nxd5 Rxd5 25. Rfe1 Ke7 26. Kf2 Rxe5 27. Rxe5 Rd5 28. Ke3 Kd6 29. d4 c5 30. c3 cxd4+ 31. cxd4 h6 32. Kd3 Kd7 33. Re2 g6 34. Kc4 Rd6 35. Kd3 Rd5 36. Rb2 b5 37. axb5 Rxb5 38. Kc4 Kc6 39. Re2 Rb4+ 40. Kc3 Rb5 41. Re1 Kd6 42. Ra1 Kc6 43. Ra4 Kd6 44. Rc4 h5 45. h4 Rf5 46. Rc8 Rb5 47. Ra8 Ke7 48. Ra7+ Kf6 49. Rc7 Rd5 50. Kc4 Rd8 51. Rc5 Ra8 52. Kc3 Ra7 53. d5 exd5 54. Rxd5 Ke6 55. Re5+ Kd6 56. Kb2 f6 57. Rb5 Kc6 58. Rb8 Rg7 59. Rf8 f5 60. Ka3 Rd7 61. Rf6+ Kd5 62. Rxg6 1-0

[Event "4NCL Online Division 3"]
[Site "online"]
[Date "2021.08.24"]
[EventDate "2021.08.24"]
[Round "1.62"]
[White "Jermy, Jaden"]
[WhiteElo "2021"]
[WhiteTeam "Broadland Falco Duboisi"]
[Black "Frostick, Clive A"]
[BlackElo "2173"]
[BlackTeam "Farnham A"]
[Result "1-0"]
[PlyCount "37"]

1. d4 e6 2. Nf3 d5 3. Bf4 Bd6 4. Bg3 Ne7 5. Nbd2 Nf5 6. e4 dxe4 7. Nxe4 Bxg3 8. hxg3 Nd7 9. Bd3 Qe7 10. Qe2 b6 11. O-O-O Bb7 12. Rhe1 O-O-O 13. Nc3 Qf6 14. Ba6 Nd6 15. Ne5 Qg5+ 16. Kb1 Nxe5 17. dxe5 Nf5 18. Qf3 Bxa6 19. Qa8# 1-0

[Event "4NCL Online Division 3"]
[Site "online"]
[Date "2021.08.24"]
[EventDate "2021.08.24"]
[Round "1.63"]
[White "Warren, Alex M"]
[WhiteElo "1999"]
[WhiteTeam "Farnham A"]
[Black "Payne, David J"]
[BlackElo "1742"]
[BlackTeam "Broadland Falco Duboisi"]
[Result "1-0"]
[PlyCount "65"]

1. d4 Nf6 2. Bf4 d5 3. e3 Bf5 4. c4 e6 5. Qb3 b6 6. Nf3 Be7 7. Nc3 O-O 8. cxd5 exd5 9. Rc1 c5 10. dxc5 Bxc5 11. Be2 Nc6 12. O-O Be6 13. Qa4 Qd7 14. Bb5 a6 15. Bxc6 b5 16. Bxd7 bxa4 17. Bxe6 fxe6 18. Nxa4 Ba7 19. h3 Ne4 20. Rc6 h6 21. Rxe6 g5 22. Be5 Rae8 23. Rxe8 Rxe8 24. Bd4 Bb8 25. Nc5 a5 26. Nxe4 dxe4 27. Nd2 h5 28. g4 hxg4 29. hxg4 Kf7 30. Rc1 Re6 31. Rc5 Rh6 32. Nxe4 Rh4 33. Rxg5 1-0

[Event "4NCL Online Division 3"]
[Site "online"]
[Date "2021.08.24"]
[EventDate "2021.08.24"]
[Round "1.64"]
[White "Badger, Paul"]
[WhiteElo "1787"]
[WhiteTeam "Broadland Falco Duboisi"]
[Black "Amos, Michael"]
[BlackElo "1877"]
[BlackTeam "Farnham A"]
[Result "1-0"]
[PlyCount "85"]

1. e4 d5 2. exd5 Nf6 3. Nc3 Nxd5 4. Bc4 Nxc3 5. bxc3 e6 6. d4 b6 7. Nf3 Bb7 8. O-O Be7 9. Ne5 Nd7 10. Bb5 c6 11. Nxc6 Bxc6 12. Bxc6 Rc8 13. Bxd7+ Qxd7 14. Bd2 O-O 15. Re1 Ba3 16. Qg4 g6 17. Bh6 Rfd8 18. Rad1 Qd5 19. Bg5 Rd7 20. Bf6 Rxc3 21. Qf4 Bd6 22. Qh6 Bf8 23. Qd2 Rdc7 24. Re2 Qxa2 25. Rc1 R3c6 26. Be5 Rd7 27. Qd3 Qc4 28. Qe3 h6 29. Qf3 f5 30. h4 Qc3 31. Re3 Qd2 32. Qxc6 Qxc1+ 33. Kh2 Rf7 34. Qxe6 Be7 35. Qxg6+ Kf8 36. Qxh6+ Ke8 37. Qg6 Kf8 38. Rg3 Ke8 39. Qc6+ Kd8 40. Bc7+ Kc8 41. Bxb6+ Kb8 42. Qc7+ Ka8 43. Qxa7# 1-0

[Event "4NCL Online Division 3"]
[Site "online"]
[Date "2021.08.24"]
[EventDate "2021.08.24"]
[Round "1.71"]
[White "Hammond, Rob"]
[WhiteElo "1797"]
[WhiteTeam "Watford 2"]
[Black "Murphy, Conor E"]
[BlackTitle "FM"]
[BlackElo "2406"]
[BlackTeam "Charlton Cobras A"]
[Result "0-1"]
[PlyCount "60"]

1. d4 d5 2. c4 e6 3. Nc3 Nf6 4. cxd5 exd5 5. Bg5 c6 6. e3 h6 7. Bh4 Be7 8. Bd3 O-O 9. Qc2 Re8 10. Nge2 a5 11. a3 Nbd7 12. O-O b5 13. e4 dxe4 14. Nxe4 Nxe4 15. Bxe7 Qxe7 16. Qxc6 Ra6 17. Qxb5 Nd6 18. Qh5 Nf6 19. Qc5 Ra8 20. Nf4 Bb7 21. Rfe1 Qxe1+ 22. Rxe1 Rxe1+ 23. Bf1 Ba6 24. h3 Rxf1+ 25. Kh2 Nde4 26. Qc6 Rc8 27. Qxa6 Rcc1 28. g4 Rxf2+ 29. Ng2 Rcc2 30. Qa8+ Kh7 0-1

[Event "4NCL Online Division 3"]
[Site "online"]
[Date "2021.08.24"]
[EventDate "2021.08.24"]
[Round "1.72"]
[White "Clark, Gary M"]
[WhiteTitle "FM"]
[WhiteElo "2258"]
[WhiteTeam "Charlton Cobras A"]
[Black "Littlefair, Paul"]
[BlackElo "1663"]
[BlackTeam "Watford 2"]
[Result "1-0"]
[PlyCount "69"]

1. d4 Nf6 2. c4 g6 3. Nc3 d5 4. cxd5 Nxd5 5. e4 Nxc3 6. bxc3 Bg7 7. Nf3 O-O 8. Be2 c5 9. O-O Nc6 10. Be3 cxd4 11. cxd4 b6 12. Rc1 Bb7 13. Qa4 Rc8 14. d5 Ne5 15. Qxa7 Ba8 16. Nxe5 Bxe5 17. Qxb6 Bc7 18. Qd4 Qd6 19. g3 e6 20. Bh6 e5 21. Bxf8 Rxf8 22. Qc5 Qxc5 23. Rxc5 Bb6 24. Rc2 f5 25. Rb1 Bd4 26. Bd3 fxe4 27. Bxe4 Rd8 28. Rc7 Rf8 29. Kh1 Rd8 30. Kg2 Rf8 31. f3 h6 32. h4 g5 33. hxg5 hxg5 34. Bh7+ Kh8 35. Rh1 1-0

[Event "4NCL Online Division 3"]
[Site "online"]
[Date "2021.08.24"]
[EventDate "2021.08.24"]
[Round "1.73"]
[White "Vig, Sanjay"]
[WhiteElo "1642"]
[WhiteTeam "Watford 2"]
[Black "Mayer, Daniel H"]
[BlackElo "1984"]
[BlackTeam "Charlton Cobras A"]
[Result "0-1"]
[PlyCount "86"]

1. e4 e6 2. d4 d5 3. e5 c5 4. c3 Nc6 5. Nf3 Qb6 6. Bd3 cxd4 7. cxd4 Bd7 8. Nbd2 Nxd4 9. O-O Nf5 10. Nb3 Ngh6 11. Ng5 Bb5 12. Bxb5+ Qxb5 13. g4 Nh4 14. Nd4 Qd7 15. h3 Bc5 16. Be3 Bxd4 17. Bxd4 O-O 18. Qd3 Ng6 19. f4 f6 20. exf6 gxf6 21. Nxe6 Qxe6 22. f5 Ne5 23. Qe3 Nxf5 24. Rxf5 Rae8 25. Re1 Nc6 26. Qxe6+ Rxe6 27. Rxe6 Nxd4 28. Rexf6 Nxf5 29. Rxf5 Rxf5 30. gxf5 Kf7 31. Kf2 Kf6 32. Ke3 Kxf5 33. Kd4 Ke6 34. h4 h5 35. b4 a6 36. a4 b6 37. Kd3 Ke5 38. Ke3 d4+ 39. Kd3 Kd5 40. b5 a5 41. Kd2 Kc4 42. Kc2 Kb4 43. Kd3 Kxa4 0-1

[Event "4NCL Online Division 3"]
[Site "online"]
[Date "2021.08.24"]
[EventDate "2021.08.24"]
[Round "1.74"]
[White "Rogers, David M"]
[WhiteElo "1595"]
[WhiteTeam "Charlton Cobras A"]
[Black "Hylands, Keith"]
[BlackElo "1418"]
[BlackTeam "Watford 2"]
[Result "1/2-1/2"]
[PlyCount "65"]

1. c4 Nf6 2. g3 g6 3. Bg2 Bg7 4. Nc3 d6 5. e4 O-O 6. Nge2 e5 7. O-O Be6 8. d3 Ne8 9. Be3 Nc6 10. Qd2 f5 11. Rae1 Nd4 12. f4 c6 13. fxe5 Nxe2+ 14. Nxe2 dxe5 15. b3 Nd6 16. exf5 Nxf5 17. Nc3 Nxe3 18. Rxf8+ Bxf8 19. Qxe3 Qd4 20. Qxd4 exd4 21. Ne4 Bf5 22. g4 Bxe4 23. Bxe4 Bb4 24. Rf1 Rf8 25. Rxf8+ Kxf8 26. Kg2 Kg7 27. h4 h6 28. Kf3 Kf6 29. h5 g5 30. Bf5 Ke5 31. Bc8 b6 32. Bb7 c5 33. a4 1/2-1/2

[Event "4NCL Online Division 3"]
[Site "online"]
[Date "2021.08.24"]
[EventDate "2021.08.24"]
[Round "1.81"]
[White "Johnson, Derek R"]
[WhiteElo "2017"]
[WhiteTeam "Crowthorne 1"]
[Black "Harris, Michael T"]
[BlackElo "2057"]
[BlackTeam "Bristol Cabot Blackbeards"]
[Result "0-1"]
[PlyCount "64"]

1. e4 e5 2. Nf3 f5 3. d4 fxe4 4. Nxe5 Nf6 5. Nc3 d6 6. Nc4 Bf5 7. Bg5 Be7 8. Ne3 Bg6 9. h4 h6 10. Bxf6 Bxf6 11. h5 Bh7 12. Bc4 c6 13. Ne2 d5 14. Bb3 a5 15. a4 Bg5 16. Qd2 O-O 17. Ng3 Nd7 18. Qe2 Kh8 19. O-O Bf4 20. Qg4 Qc7 21. Ne2 Bd6 22. c4 Nf6 23. Qh3 Qb6 24. Bc2 c5 25. cxd5 cxd4 26. Nc4 Qb4 27. Nxd6 d3 28. Nd4 Qxd6 29. Bd1 Qxd5 30. Ne6 Bf5 31. Kh2 Bxh3 32. Kh1 Bxe6 0-1

[Event "4NCL Online Division 3"]
[Site "online"]
[Date "2021.08.24"]
[EventDate "2021.08.24"]
[Round "1.82"]
[White "Marston, Alastair"]
[WhiteElo "1713"]
[WhiteTeam "Bristol Cabot Blackbeards"]
[Black "Gnanagurusamy, Ganeshbabu"]
[BlackElo "1945"]
[BlackTeam "Crowthorne 1"]
[Result "1/2-1/2"]
[PlyCount "86"]

1. Nf3 Nf6 2. d4 d5 3. c4 e6 4. g3 Be7 5. Bg2 O-O 6. O-O c6 7. Qc2 Nbd7 8. Nbd2 b6 9. e4 dxe4 10. Nxe4 Nxe4 11. Qxe4 Bb7 12. Ne5 Nxe5 13. dxe5 Qc7 14. Be3 Rab8 15. c5 Bxc5 16. Bxc5 bxc5 17. Rfc1 Ba6 18. b3 Rb4 19. Qxc6 Qxc6 20. Bxc6 c4 21. Bg2 cxb3 22. axb3 Bb7 23. Rxa7 Bxg2 24. Kxg2 Rxb3 25. Rcc7 g6 26. g4 h6 27. f3 g5 28. Rc5 Rb4 29. Rac7 Ra8 30. Rc8+ Rxc8 31. Rxc8+ Kg7 32. Rc3 Kg6 33. Kg3 f5 34. h4 fxg4 35. fxg4 gxh4+ 36. Kh3 Kg5 37. Rc6 Rxg4 38. Rxe6 Rg3+ 39. Kh2 Re3 40. Re8 Kf5 41. Rh8 Rxe5 42. Rxh6 Kg5 43. Rh8 Re2+ 1/2-1/2

[Event "4NCL Online Division 3"]
[Site "online"]
[Date "2021.08.24"]
[EventDate "2021.08.24"]
[Round "1.83"]
[White "Taylor, Mark V"]
[WhiteElo "1825"]
[WhiteTeam "Crowthorne 1"]
[Black "Roberts, Mike"]
[BlackElo "1438"]
[BlackTeam "Bristol Cabot Blackbeards"]
[Result "1-0"]
[PlyCount "63"]

1. d4 d5 2. Nc3 Bf5 3. f3 e6 4. e4 dxe4 5. fxe4 Bg6 6. Nf3 h6 7. Bd3 Bb4 8. O-O Ne7 9. Ne2 Ba5 10. c3 O-O 11. Nf4 Bh7 12. Qe1 e5 13. Nxe5 Nd7 14. Nxd7 Qxd7 15. Qg3 f5 16. Bc4+ Kh8 17. Ne6 Ng6 18. exf5 Rf6 19. fxg6 Rxf1+ 20. Kxf1 Bg8 21. Qe5 Bxe6 22. Bxe6 Qd6 23. Qxd6 cxd6 24. Bf4 Rd8 25. Re1 Bc7 26. Bd5 Rf8 27. g3 b6 28. Kg2 b5 29. Re7 Bb8 30. Bxh6 Rg8 31. Bg5 a5 32. Re4 1-0

[Event "4NCL Online Division 3"]
[Site "online"]
[Date "2021.08.24"]
[EventDate "2021.08.24"]
[Round "1.84"]
[White "Saha, Soumil"]
[WhiteElo "1193"]
[WhiteTeam "Bristol Cabot Blackbeards"]
[Black "Love, James"]
[BlackElo "1597"]
[BlackTeam "Crowthorne 1"]
[Result "1-0"]
[PlyCount "125"]

1. Nf3 Nc6 2. d4 d5 3. c4 Nf6 4. Bg5 e6 5. cxd5 exd5 6. e3 Bb4+ 7. Nc3 O-O 8. Bd3 Re8 9. O-O Bg4 10. Bxf6 gxf6 11. a3 Bxc3 12. bxc3 f5 13. Be2 Bxf3 14. Bxf3 Qd6 15. Qb3 Re6 16. Bxd5 Rh6 17. h3 Na5 18. Bxf7+ Kg7 19. Qd5 Qf6 20. Qxa5 Qxf7 21. Qe5+ Rf6 22. Rab1 Re8 23. Qf4 Re4 24. Qf3 Rg6 25. Rxb7 Rh4 26. Rxa7 f4 27. Kh2 Rf6 28. e4 Rhh6 29. e5 Rf5 30. Re1 Rg6 31. d5 Qd7 32. e6 Qd8 33. g4 Rxd5 34. Rxc7+ Qxc7 35. Qxd5 f3+ 36. Qe5+ Qxe5+ 37. Rxe5 Kf8 38. a4 Ke7 39. a5 Rg8 40. Kg3 Rc8 41. Kxf3 Rxc3+ 42. Kf4 Rxh3 43. Re3 Rh1 44. Ra3 Rc1 45. a6 Rc8 46. a7 Ra8 47. Ke5 h6 48. Rf3 Ke8 49. Rf7 Rc8 50. Kf6 Rd8 51. Rf8+ Kxf8 52. e7+ Ke8 53. exd8=Q+ Kxd8 54. a8=Q+ Kc7 55. Ke6 h5 56. Qa7+ Kc6 57. Qd7+ Kc5 58. Ke5 h4 59. Qc7+ Kb4 60. Kd4 h3 61. Qb8+ Ka3 62. Kc3 Ka4 63. Qb4# 1-0

[Event "4NCL Online Division 3"]
[Site "online"]
[Date "2021.08.24"]
[EventDate "2021.08.24"]
[Round "1.91"]
[White "Healey, Grant"]
[WhiteElo "1778"]
[WhiteTeam "Camborne Trevithick"]
[Black "Vaidya, Raghav"]
[BlackElo "1830"]
[BlackTeam "Barnet Knights B"]
[Result "1/2-1/2"]
[PlyCount "139"]

1. g3 b6 2. Bg2 Nc6 3. Nh3 Bb7 4. O-O Nf6 5. d3 d5 6. f4 e6 7. e3 Be7 8. Nd2 O-O 9. a3 e5 10. Nf3 exf4 11. Nxf4 Bd6 12. Nd4 Nxd4 13. exd4 c6 14. Nh3 Bc8 15. Bg5 Be7 16. Nf4 Bg4 17. Qd2 h6 18. Bxf6 Bxf6 19. h3 Bxd4+ 20. Kh2 Bd7 21. c3 Be5 22. Nh5 g6 23. Nf4 Bg7 24. Qf2 Qc7 25. d4 Rae8 26. Rae1 Rxe1 27. Rxe1 Re8 28. Re3 Rxe3 29. Qxe3 Qd8 30. b4 Qe8 31. Qf2 Bf5 32. b5 Be4 33. Qe3 g5 34. Bxe4 dxe4 35. Nh5 cxb5 36. g4 Qe7 37. Ng3 Qxa3 38. Nxe4 Qe7 39. Qf3 b4 40. Ng3 bxc3 41. Qxc3 Qd6 42. Qc8+ Bf8 43. Qc3 Qb4 44. Qe3 Bg7 45. Nf5 Qf8 46. Ne7+ Kh8 47. Kg1 Bf6 48. Nf5 Qd8 49. Kf1 b5 50. Nxh6 Bxd4 51. Qe4 Qf6+ 52. Nf5 Be5 53. Qa8+ Kh7 54. Qxa7 b4 55. Qb7 Bd6 56. Ke2 Qe6+ 57. Kd1 b3 58. Nd4 Qf6 59. Nxb3 Qf1+ 60. Kc2 Qc4+ 61. Kd1 Qd3+ 62. Nd2 Qg6 63. Qd5 Bf4 64. Ne4 Kg7 65. Qd4+ Kh6 66. Qh8+ Qh7 67. Qf6+ Qg6 68. Qh8+ Qh7 69. Qf6+ Qg6 70. Qh8+ 1/2-1/2

[Event "4NCL Online Division 3"]
[Site "online"]
[Date "2021.08.24"]
[EventDate "2021.08.24"]
[Round "1.92"]
[White "Eedle, Eric F"]
[WhiteElo "1864"]
[WhiteTeam "Barnet Knights B"]
[Black "Morgan, Jamie"]
[BlackElo "1754"]
[BlackTeam "Camborne Trevithick"]
[Result "1-0"]
[PlyCount "63"]

1. d4 Nf6 2. c4 c5 3. d5 b5 4. cxb5 a6 5. e3 axb5 6. Bxb5 Qa5+ 7. Nc3 Bb7 8. Bd2 Qb6 9. a4 Nxd5 10. Nf3 e6 11. O-O Be7 12. e4 Nb4 13. Ne5 O-O 14. Nc4 Qc7 15. e5 d5 16. exd6 Bxd6 17. Nxd6 Qxd6 18. Be3 Qe7 19. Qh5 N8a6 20. Rfd1 Rfd8 21. Rac1 Rxd1+ 22. Rxd1 Nd5 23. Qe2 Nab4 24. Rc1 Nxe3 25. Qxe3 Rd8 26. Ne4 Bxe4 27. Qxe4 Qd6 28. h3 Qd2 29. Qc4 Qxb2 30. Qxc5 Nd3 31. Bxd3 Qd2 32. Bb5 1-0

[Event "4NCL Online Division 3"]
[Site "online"]
[Date "2021.08.24"]
[EventDate "2021.08.24"]
[Round "1.93"]
[White "Robinson, Neil"]
[WhiteElo "1711"]
[WhiteTeam "Camborne Trevithick"]
[Black "Vyas, Alisha"]
[BlackElo "1725"]
[BlackTeam "Barnet Knights B"]
[Result "1/2-1/2"]
[PlyCount "91"]

1. d4 Nf6 2. c4 g6 3. Nc3 Bg7 4. e4 d6 5. h3 Nc6 6. Nf3 O-O 7. Bg5 h6 8. Be3 a6 9. Qd2 Kh7 10. h4 Ng4 11. h5 Nxe3 12. Qxe3 Bg4 13. hxg6+ fxg6 14. d5 Bxf3 15. dxc6 Bg4 16. Be2 Bxe2 17. Kxe2 bxc6 18. Rad1 Qc8 19. f3 Qe6 20. b3 Qe5 21. Rd3 Rfd8 22. f4 Qa5 23. Na4 Rd7 24. Qc1 Rh8 25. Qa3 Rb8 26. Qc1 Kg8 27. Rg3 Kf7 28. Qc2 e5 29. f5 gxf5 30. exf5 e4 31. f6 Bxf6 32. Rxh6 Rh8 33. Rgg6 Rxh6 34. Rxh6 Kg7 35. Rh1 Qg5 36. Qxe4 Re7 37. Rh7+ Kf8 38. Rxe7 Bxe7 39. Qxc6 Qe5+ 40. Kd3 Qf5+ 41. Qe4 Qf1+ 42. Kc2 Qf2+ 43. Kb1 Qf1+ 44. Kc2 Qf2+ 45. Kb1 Qf1+ 46. Kc2 1/2-1/2

[Event "4NCL Online Division 3"]
[Site "online"]
[Date "2021.08.24"]
[EventDate "2021.08.24"]
[Round "1.94"]
[White "Sanfey, Gregor"]
[WhiteElo "1660"]
[WhiteTeam "Barnet Knights B"]
[Black "Rodrigo, Y Jan"]
[BlackElo "1714"]
[BlackTeam "Camborne Trevithick"]
[Result "1-0"]
[PlyCount "43"]

1. Nf3 f5 2. d4 Nf6 3. Bf4 e6 4. e3 Bd6 5. Ne5 Nc6 6. Bd3 O-O 7. c4 Bb4+ 8. Nc3 Nxe5 9. dxe5 Ng4 10. h3 g5 11. Bg3 Nh6 12. Qh5 Nf7 13. h4 g4 14. f3 Bxc3+ 15. bxc3 gxf3 16. gxf3 d6 17. Rg1 Kh8 18. Rd1 Qe7 19. exd6 cxd6 20. c5 dxc5 21. Bc4 Bd7 22. Qxf7 1-0

[Event "4NCL Online Division 3"]
[Site "online"]
[Date "2021.08.24"]
[EventDate "2021.08.24"]
[Round "1.101"]
[White "Nunn, John D M"]
[WhiteTitle "GM"]
[WhiteElo "2573"]
[WhiteTeam "Bude Surfers A"]
[Black "Kynoch, Richard"]
[BlackElo "1862"]
[BlackTeam "Dundee City B"]
[Result "1-0"]
[PlyCount "67"]

1. e4 d5 2. exd5 Qxd5 3. Nc3 Qa5 4. d4 Nf6 5. Nf3 c6 6. Bc4 Bf5 7. Bd2 e6 8. Nd5 Qd8 9. Nxf6+ gxf6 10. O-O Nd7 11. Nh4 Bg6 12. c3 Qc7 13. Re1 O-O-O 14. g3 Bd6 15. Qf3 Kb8 16. a4 c5 17. Bf1 Bc2 18. Rec1 Bg6 19. a5 a6 20. b4 c4 21. Bg2 Bd3 22. b5 f5 23. bxa6 Be4 24. Qe2 Bxg2 25. Nxg2 bxa6 26. Ne3 Rc8 27. Ra4 f4 28. Nxc4 fxg3 29. hxg3 Qc6 30. Nxd6 Qxa4 31. Rb1+ Kc7 32. Bf4 e5 33. Bxe5 Nxe5 34. Qxe5 1-0

[Event "4NCL Online Division 3"]
[Site "online"]
[Date "2021.08.24"]
[EventDate "2021.08.24"]
[Round "1.102"]
[White "Prieto Alvarez, Miguel Angel"]
[WhiteElo "1800"]
[WhiteTeam "Dundee City B"]
[Black "Fink-Nunn, Petra"]
[BlackTitle "WFM"]
[BlackElo "2064"]
[BlackTeam "Bude Surfers A"]
[Result "1-0"]
[PlyCount "61"]

1. e4 c5 2. Nf3 d6 3. d4 Nf6 4. Nc3 cxd4 5. Nxd4 g6 6. Be3 Bg7 7. f3 O-O 8. Qd2 Nc6 9. g4 Be6 10. Nxe6 fxe6 11. h3 d5 12. exd5 exd5 13. O-O-O e6 14. h4 d4 15. Bxd4 Qxd4 16. Qxd4 Nxd4 17. Rxd4 Nd5 18. Re4 Nxc3 19. bxc3 Rxf3 20. Bd3 Bxc3 21. Rxe6 Rf4 22. h5 Kf7 23. Rd6 Ke7 24. Rd5 Rxg4 25. Rc5 Bb4 26. Rc7+ Kd6 27. Rxb7 gxh5 28. Rxh5 Rf8 29. Rh6+ Kc5 30. Rb5+ Kd4 31. Rxb4+ 1-0

[Event "4NCL Online Division 3"]
[Site "online"]
[Date "2021.08.24"]
[EventDate "2021.08.24"]
[Round "1.103"]
[White "Lingard, Geoffrey W"]
[WhiteElo "1743"]
[WhiteTeam "Bude Surfers A"]
[Black "Babin, Andre"]
[BlackElo "1863"]
[BlackTeam "Dundee City B"]
[Result "0-1"]
[PlyCount "58"]

1. e4 c5 2. Nc3 Nc6 3. Bb5 g6 4. Nge2 Bg7 5. d3 Nd4 6. Bc4 e6 7. O-O Ne7 8. f4 d5 9. exd5 exd5 10. Bb3 b5 11. a3 Nxb3 12. cxb3 a6 13. Ng3 f5 14. Nce2 d4 15. Re1 O-O 16. Bd2 Bb7 17. Kh1 Qd5 18. Rg1 Rfe8 19. Qc2 Rac8 20. Raf1 h5 21. Rf3 Qd6 22. Rgf1 h4 23. Ne4 fxe4 24. dxe4 Qe6 25. f5 Qxe4 26. Qxe4 Bxe4 27. f6 Bxf3 28. Rxf3 Nf5 29. fxg7 Rxe2 0-1

[Event "4NCL Online Division 3"]
[Site "online"]
[Date "2021.08.24"]
[EventDate "2021.08.24"]
[Round "1.104"]
[White "Dawson, Euan"]
[WhiteElo "1847"]
[WhiteTeam "Dundee City B"]
[Black "Constable, John"]
[BlackElo "1513"]
[BlackTeam "Bude Surfers A"]
[Result "1-0"]
[PlyCount "115"]

1. e4 g6 2. Nc3 Bg7 3. g3 d6 4. Bg2 Nd7 5. Nge2 c5 6. O-O Rb8 7. d3 Ne5 8. f4 Nc6 9. h3 Nd4 10. Rb1 b5 11. Kh1 Nf6 12. g4 b4 13. Nxd4 cxd4 14. Ne2 Qb6 15. Ng3 h5 16. g5 Nd7 17. h4 Nc5 18. f5 Be5 19. Bf4 Bb7 20. fxg6 fxg6 21. Bxe5 dxe5 22. Qf3 Qe6 23. Kh2 Qg8 24. Bh3 Bc8 25. Bxc8 Rxc8 26. Rf2 Ne6 27. Qd1 Kd7 28. Qd2 a5 29. a3 Rb8 30. axb4 axb4 31. Ra1 Qc8 32. Ra7+ Rb7 33. Ra5 Nc5 34. Ne2 Qc7 35. Ra1 b3 36. c3 Ne6 37. Kh1 dxc3 38. Nxc3 Nf4 39. d4 Kc8 40. dxe5 Qxe5 41. Qxf4 Qxf4 42. Rxf4 Rd8 43. Ra8+ Rb8 44. Rxb8+ Kxb8 45. Rf2 Rd3 46. Kg2 Kc8 47. Nd5 Kd7 48. Nf4 Rd4 49. Kf3 Rd6 50. e5 Rd4 51. Ke3 Rd1 52. Rd2+ Rxd2 53. Kxd2 Ke8 54. Nxg6 e6 55. Nf4 Kf7 56. Nxh5 Kg6 57. Nf4+ Kf7 58. Kc3 1-0

[Event "4NCL Online Division 3"]
[Site "online"]
[Date "2021.08.24"]
[EventDate "2021.08.24"]
[Round "1.111"]
[White "Murphy, James A"]
[WhiteElo "1960"]
[WhiteTeam "Urmston and Stretford"]
[Black "O'Neill, Richard"]
[BlackElo "1596"]
[BlackTeam "Harrow 3"]
[Result "0-1"]
[PlyCount "68"]

1. e4 e6 2. c4 d5 3. cxd5 exd5 4. Qb3 c6 5. e5 Qb6 6. Nf3 Na6 7. Qxb6 axb6 8. Bxa6 Rxa6 9. d4 Bf5 10. Nc3 h6 11. O-O Ne7 12. Nh4 Bd7 13. f4 Nf5 14. Nf3 Be7 15. g4 Nh4 16. f5 Nxf3+ 17. Rxf3 g6 18. f6 Bf8 19. h3 h5 20. g5 Be6 21. Be3 Kd7 22. Rd1 Bb4 23. Ra1 Rha8 24. Ne2 Rxa2 25. Rxa2 Rxa2 26. Nf4 Rxb2 27. Nxg6 fxg6 28. f7 Bf8 29. Bc1 Rb1 30. Rf1 Bf5 31. Kh2 Rb3 32. Rxf5 gxf5 33. g6 Ke6 34. Bg5 Rd3 0-1

[Event "4NCL Online Division 3"]
[Site "online"]
[Date "2021.08.24"]
[EventDate "2021.08.24"]
[Round "1.112"]
[White "Nettleton, Robin"]
[WhiteElo "1394"]
[WhiteTeam "Harrow 3"]
[Black "Whalley, Mark E"]
[BlackElo "1739"]
[BlackTeam "Urmston and Stretford"]
[Result "1/2-1/2"]
[PlyCount "103"]

1. d4 f5 2. Bf4 Nf6 3. Nc3 c6 4. Nf3 e6 5. g3 Bb4 6. Bd2 O-O 7. Bg2 d5 8. O-O Nbd7 9. a3 Bd6 10. e3 Qe8 11. Nh4 g5 12. Nf3 Qg6 13. Ne1 e5 14. dxe5 Nxe5 15. f4 gxf4 16. exf4 Bc5+ 17. Kh1 Neg4 18. Nd3 Bb6 19. Na4 Be3 20. Ne5 Qh6 21. Nxg4 Nxg4 22. h4 Nf2+ 23. Rxf2 Bxf2 24. Qf3 Bd4 25. Bc3 Bxc3 26. Nxc3 Bd7 27. Ne2 Qf6 28. c3 Rae8 29. Rd1 Re7 30. Bf1 Rfe8 31. Rd2 Re4 32. Rd4 Qe6 33. Rxe4 fxe4 34. Qe3 Qf6 35. Qxa7 Bc8 36. Kh2 Qd6 37. b4 Re7 38. Qb6 Qc7 39. Qd4 Rg7 40. c4 Be6 41. Bh3 Bxh3 42. Kxh3 Qd7+ 43. Kg2 Qg4 44. Kf2 Qf3+ 45. Ke1 Qd3 46. Qe5 h6 47. Qe6+ Kh7 48. Qf5+ Kh8 49. Qf8+ Kh7 50. Qf5+ Kg8 51. Qe6+ Kh7 52. Qf5+ 1/2-1/2

[Event "4NCL Online Division 3"]
[Site "online"]
[Date "2021.08.24"]
[EventDate "2021.08.24"]
[Round "1.113"]
[White "Randall, Grant"]
[WhiteElo "1566"]
[WhiteTeam "Urmston and Stretford"]
[Black "Dilukshan, Manoharan"]
[BlackElo "1392"]
[BlackTeam "Harrow 3"]
[Result "1-0"]
[PlyCount "33"]

1. e4 e5 2. Nf3 Nc6 3. Bb5 Nge7 4. d4 a6 5. Bxc6 Nxc6 6. dxe5 g6 7. O-O Bg7 8. Bg5 Ne7 9. Nc3 c6 10. Qd6 h6 11. Bf6 Bxf6 12. exf6 Ng8 13. e5 b6 14. Rad1 Bb7 15. Rfe1 Ra7 16. e6 Bc8 17. exd7# 1-0